header

Education, cultural myths, and the ecological crisis (Record no. 24039)

MARC details
000 -LEADER
fixed length control field 01528nam a2200361 a 4500
082 04 - DEWEY DECIMAL CLASSIFICATION NUMBER
Classification number 304.2/071/073
100 1# - MAIN ENTRY--AUTHOR NAME
Personal name Bowers, C. A.
245 10 - TITLE STATEMENT
Title Education, cultural myths, and the ecological crisis
260 ## - PUBLICATION, DISTRIBUTION, ETC. (IMPRINT)
Place of publication Albany, N.Y. :
Name of publisher State University of New York Press,
Year of publication c1993.
300 ## - PHYSICAL DESCRIPTION
Number of Pages 232 p.
490 1# - SERIES STATEMENT
Series statement SUNY series in the philosophy of education
650 #0 - SUBJECT ADDED ENTRY--TOPICAL TERM
Topical Term Environmental ethics
Topical Term Educational anthropology
Topical Term Environmental education
Topical Term Environmental protection
856 40 - ELECTRONIC LOCATION AND ACCESS
Uniform Resource Identifier http://site.ebrary.com/lib/rucke/Doc?id=10019118

No items available.

© 2026 Rongo University
Contact us: librarian | system librarian | Rongo university